[Event "Regionalliga NW 9495"]
[Site "Bayern"]
[Date "1995.??.??"]
[Round "?.6"]
[White "Koessler, Werner"]
[Black "Kochseder, Georg"]
[Result "1-0"]
[WhiteElo "1860"]
[BlackElo "2015"]
[PlyCount "42"]
[EventDate "1994.10.??"]
[EventType "team-tourn"]
[EventRounds "9"]
[EventCountry "GER"]
[SourceTitle "EXT 1999"]
[Source "ChessBase"]
[SourceDate "1998.11.16"]
[SourceVersion "1"]
[SourceVersionDate "1998.11.16"]
[SourceQuality "1"]
[WhiteTeam "GrBayr"]
[BlackTeam "Bamberg TV"]
[WhiteTeamCountry "GER"]
[BlackTeamCountry "GER"]

1. d4 d5 2. Nf3 Nf6 3. e3 e6 4. Bd3 Bd6 5. b3 Nbd7 6. Bb2 b6 7. 0-0 h6 8. Nbd2 0-0 9. Qe2 Bb7 10. Ne5 c5 11. f4 Ne4 12. Rf3 Bxe5 13. fxe5 c4 14. Bxe4 dxe4 15. Rg3 cxb3 16. axb3 f5 17. Nc4 a5 18. Nd6 Ba6 19. Qh5 f4 20. exf4 Rxf4 21. Qxh6 Qf8 1-0

[Event "Regionalliga NW 9596"]
[Site "Bayern"]
[Date "1995.??.??"]
[Round "?"]
[White "Koessler, Werner"]
[Black "Scheringer, Dietrich"]
[Result "0-1"]
[WhiteElo "1860"]
[BlackElo "1950"]
[PlyCount "70"]
[EventDate "1995.10.??"]
[EventType "team-tourn"]
[EventRounds "9"]
[EventCountry "GER"]
[SourceTitle "EXT 1999"]
[Source "ChessBase"]
[SourceDate "1998.11.16"]
[SourceVersion "1"]
[SourceVersionDate "1998.11.16"]
[SourceQuality "1"]
[WhiteTeam "GrBayr"]
[BlackTeam "Coburg"]
[WhiteTeamCountry "GER"]
[BlackTeamCountry "GER"]

1. d4 e6 2. Nf3 f5 3. d5 d6 4. dxe6 Bxe6 5. g3 Nf6 6. Bg2 Nc6 7. Nc3 Be7 8. 0-0 0-0 9. Ng5 Bf7 10. Nd5 Kh8 11. Nxe7 Qxe7 12. a4 Bh5 13. Nf3 Rae8 14. Re1 Ne4 15. h4 h6 16. Ra3 Qf6 17. Rb3 b6 18. Qd5 Na5 19. Ra3 c5 20. e3 Bf7 21. Qd1 Nc4 22. Rb3 d5 23. Nd2 Rd8 24. Rf1 Qc6 25. Qe1 Qxa4 26. Nxc4 Qxc4 27. Qd1 Qa4 28. Ra3 Qd7 29. Qf3 a5 30. Qf4 Bh5 31. Rd3 Qe7 32. b3 g5 33. Bb2+ d4 34. hxg5 hxg5 35. Bxd4+ cxd4 0-1

[Event "Regionalliga NW 9596"]
[Site "Bayern"]
[Date "1995.??.??"]
[Round "?"]
[White "Seuffert, Gabriel"]
[Black "Koessler, Werner"]
[Result "0-1"]
[WhiteElo "2085"]
[BlackElo "1860"]
[PlyCount "74"]
[EventDate "1995.10.??"]
[EventType "team-tourn"]
[EventRounds "9"]
[EventCountry "GER"]
[SourceTitle "EXT 1999"]
[Source "ChessBase"]
[SourceDate "1998.11.16"]
[SourceVersion "1"]
[SourceVersionDate "1998.11.16"]
[SourceQuality "1"]
[WhiteTeam "Sailauf"]
[BlackTeam "GrBayr"]
[WhiteTeamCountry "GER"]
[BlackTeamCountry "GER"]

1. c4 e6 2. Nf3 d5 3. g3 c5 4. cxd5 exd5 5. d4 Nc6 6. Bg2 Nf6 7. 0-0 Be7 8. Nc3 0-0 9. Bg5 cxd4 10. Nxd4 h6 11. Be3 Re8 12. Rc1 Bf8 13. Nxc6 bxc6 14. Na4 Qa5 15. a3 Qb5 16. b4 Bg4 17. Nc3 Qa6 18. h3 Bf5 19. Qb3 Ne4 20. Nxe4 Bxe4 21. Bxe4 Rxe4 22. Rc2 Rae8 23. Qd3 Qc8 24. Kg2 Qd7 25. Rfc1 R8e6 26. b5 d4 27. Rxc6 Qd5 28. Kh2 h5 29. Rxe6 fxe6 30. Bf4 h4 31. Rc8 hxg3+ 32. Qxg3 Rxe2 33. Bd6 Rxf2+ 34. Qxf2 Qxd6+ 35. Kg1 d3 36. Kf1 d2 37. Rxf8+ Qxf8 0-1

[Event "Regionalliga NW 9495"]
[Site "Bayern"]
[Date "1994.??.??"]
[Round "?.5"]
[White "Koessler, Werner"]
[Black "Fischer, Emil"]
[Result "1/2-1/2"]
[WhiteElo "1860"]
[BlackElo "2150"]
[PlyCount "45"]
[EventDate "1994.10.??"]
[EventType "team-tourn"]
[EventRounds "9"]
[EventCountry "GER"]
[SourceTitle "EXT 1999"]
[Source "ChessBase"]
[SourceDate "1998.11.16"]
[SourceVersion "1"]
[SourceVersionDate "1998.11.16"]
[SourceQuality "1"]
[WhiteTeam "GrBayr"]
[BlackTeam "Schweinfurt Fr"]
[WhiteTeamCountry "GER"]
[BlackTeamCountry "GER"]

1. d4 Nf6 2. Nf3 g6 3. g3 Bg7 4. Bg2 0-0 5. 0-0 d6 6. c4 c6 7. Nc3 Nbd7 8. h3 e5 9. e4 Re8 10. Re1 Qb6 11. b3 exd4 12. Na4 Qa5 13. Nxd4 Nc5 14. Bd2 Qa6 15. Nxc5 dxc5 16. Nc2 Nd7 17. e5 Rxe5 18. Bf4 Rxe1+ 19. Qxe1 Nf6 20. Qd2 Bf5 21. Ne3 Be4 22. Rd1 h5 23. f3 1/2-1/2

[Event "Regionalliga NW 9495"]
[Site "Bayern"]
[Date "1994.??.??"]
[Round "?.5"]
[White "Koessler, Werner"]
[Black "Schricker, Jochen"]
[Result "1-0"]
[WhiteElo "1860"]
[BlackElo "1865"]
[PlyCount "61"]
[EventDate "1994.10.??"]
[EventType "team-tourn"]
[EventRounds "9"]
[EventCountry "GER"]
[SourceTitle "EXT 1999"]
[Source "ChessBase"]
[SourceDate "1998.11.16"]
[SourceVersion "1"]
[SourceVersionDate "1998.11.16"]
[SourceQuality "1"]
[WhiteTeam "GrBayr"]
[BlackTeam "Grossw"]
[WhiteTeamCountry "GER"]
[BlackTeamCountry "GER"]

1. d4 d5 2. Nf3 Nf6 3. e3 Bf5 4. c4 c6 5. Nc3 e6 6. Be2 Nbd7 7. 0-0 Bd6 8. Nh4 Bg6 9. g3 Ne4 10. Nxe4 Bxe4 11. f3 Bg6 12. Qb3 Rb8 13. Bd2 Be7 14. Nxg6 hxg6 15. e4 Bd6 16. e5 Be7 17. cxd5 exd5 18. Qd3 Nf8 19. f4 f5 20. exf6 gxf6 21. Bg4 f5 22. Bxf5 gxf5 23. Qxf5 Qd7 24. Qe5 Ng6 25. Qxb8+ Kf7 26. Qxa7 Qh3 27. Rf2 Nh4 28. gxh4 Rg8+ 29. Kh1 Bxh4 30. Qxb7+ Kf8 31. Bb4+ 1-0